20 Most Famous Cities in North Korea on a Map - Statistics

General Stats
  • This quiz has been taken 109 times
  • The average score is 8 of 21
Answers on the Map
Answers color-coded by a green-red scale on the quiz's map according to % correct below.
 
Answer Stats
Wiki Monthly Views Cityquiz Mention Rate Population Answers % Correct
140.48K 63.83% 2521.78K Pyongyang
97%
9.84K 5.94% 703.61K Hamhung
77%
9.35K 3.49% 614.89K Chongjin
55%
28.61K 3.49% 192.58K Kaesong
55%
6.30K 2.22% 310.53K Nampo
55%
9.72K 0.57% 158.34K Rason
52%
11.54K 4.10% 328.47K Wonsan
52%
7.88K 1.64% 334.03K Sinuiju
42%
2.84K 1.23% 271.43K Sariwon
39%
3.47K 1.16% 241.60K Haeju
29%
2.05K 0.79% 251.97K Kanggye
29%
1.21K 0.68% 167.65K Anju
27%
4.10K 0.86% 174.01K Hyesan
26%
1.78K 0.68% 236.58K Pyongsong
26%
1.19K - 262.39K Kaechon
21%
1.95K - 155.28K Kimchaek
19%
1.19K 0.13% 102.66K Chongju
18%
2.29K - 25.56K Samjiyon
18%
2.30K 0.57% 450.00K Hungnam
16%
1.92K 0.24% 92.49K Hoeryong
15%
1.55K 0.36% 110.02K Uiju
13%
No matching quizzes found
Score Distribution
Percent of People with Each Score
Percentile by Number Answered
Your Score History
You have not taken this quiz